Cestná daň s dôvodovou správou

Text Zákona NR SR z 23.3.1994 č. .../1994 Z.z. o cestnej dani s dôvodovou správou.

Salvato in:
Dettagli Bibliografici
Natura: Capitolo di libro
Lingua:slovacco
Soggetti:
Tags: Aggiungi Tag
Nessun Tag, puoi essere il primo ad aggiungerne!!

MARC

LEADER 00000naa a2200000 4500
001 r015362
005 20221213113725.0
041 0 |a slo 
044 |a SK 
245 1 0 |a Cestná daň s dôvodovou správou 
520 |a Text Zákona NR SR z 23.3.1994 č. .../1994 Z.z. o cestnej dani s dôvodovou správou. 
610 2 0 |a dane cestné 
610 2 0 |a zákony 
610 2 0 |a Slovensko 
610 2 0 |a 1994 
610 2 0 |a komentáre